|
|
|
|
| LEADER |
00000nam0a2200000 4500 |
| 001 |
125229 |
| 005 |
20231101215922.0 |
| 010 |
|
|
|a 5855601846
|
| 020 |
|
|
|a RU
|b 91-43074
|
| 035 |
|
|
|a (RuTPU)RU\TPU\book\135512
|
| 090 |
|
|
|a 125229
|
| 100 |
|
|
|a 20071113d1991 d y0rusy5003 ca
|
| 101 |
1 |
|
|a rus
|c fre
|
| 102 |
|
|
|a RU
|
| 105 |
|
|
|a a z 000ay
|
| 200 |
1 |
|
|a Капитан Сорви-голова
|e повесть : [для старшего и среднего школьного возраста]
|f Л. Буссенар
|g пер. с фр. К. Полевой ; авт. послесл. М. Трескунов ; худож. Б. Аникин
|
| 210 |
|
|
|a Архангельск
|c Северо-Западное книжное издательство
|c Вологод. отд-ние
|d 1991
|
| 215 |
|
|
|a 234,[2] с.
|c ил.
|d 22 см
|
| 610 |
1 |
|
|a детская литература
|
| 610 |
1 |
|
|a французская литература
|
| 675 |
|
|
|a 84
|z rus
|v 3
|
| 700 |
|
1 |
|a Буссенар
|b Л. А.
|c французский писатель
|f 1847-1910
|g Луи Анри
|2 stltpush
|3 (RuTPU)RU\TPU\pers\39359
|9 20974
|
| 702 |
|
1 |
|a Полевой
|b К.
|4 730
|
| 702 |
|
1 |
|a Трескунов
|b М.
|4 075
|
| 702 |
|
1 |
|a Аникин
|b Б.
|4 440
|
| 801 |
|
0 |
|a RU
|b RuMRKP
|c 19950417
|g psbo
|
| 801 |
|
1 |
|a RU
|b 63413507
|c 20071113
|g PSBO
|
| 801 |
|
2 |
|a RU
|b 63413507
|c 20170912
|g PSBO
|
| 942 |
|
|
|c BK
|